Perspectivas artísticas del Continente Americano: Arte y cambio social en América Latina y Estados Unidos en el siglo XX

Saved in:
Bibliographic Details
Main Author: Goldman, Shifra M (Author)
Format: Book
Language:Spanish
Published: Ciudad de México Universidad Autónoma de la Ciudad de México 2008
Edition:1a. ed
Series:Colección Al Margen
Subjects:
Tags: Add Tag
No Tags, Be the first to tag this record!

MARC

LEADER 00000nam a2200000 a 4500
001 UCH2618
003 CL-VaPUC
008 090618e20080000MX |||||||||||||||||spa|d
020 |a 9689037196 
082 0 4 |a 709  |b GOL  |2 21 
100 0 |a Goldman, Shifra M  |e author  |9 537574 
245 1 0 |a Perspectivas artísticas del Continente Americano: Arte y cambio social en América Latina y Estados Unidos en el siglo XX 
250 |a 1a. ed 
300 |a 734 p 
942 |c BK 
945 |d 20090618 00:00:00  |a dcastane 
260 |a Ciudad de México  |b Universidad Autónoma de la Ciudad de México  |c 2008 
650 0 |a Arte latinoamericano   |y Siglo 20  |9 474972 
650 0 |a Arte  |v Aspectos sociales  |9 474973 
651 0 |a América Latina   |9 255027 
651 0 |a Estados Unidos  |9 255178 
583 |a last modification  |c 20090618 00:00:00  |k Rodrigo Vera 
490 0 |a Colección Al Margen 
999 |c 334341  |d 334339 
952 |0 0  |1 0  |4 0  |6 709_000000000000000_GOL_2008  |7 0  |8 A  |9 423315  |a BIBEDU  |b BIBEDU  |d 2019-11-22  |i 4563387  |o 709 GOL 2008  |p 4563387  |r 2019-11-22  |w 2019-11-22  |y BK  |k FIL